| 000 | 00405nam a2200157Ia 4500 | ||
|---|---|---|---|
| 005 | 20260430133751.0 | ||
| 008 | 260429s9999||||xx |||||||||||||| ||und|| | ||
| 020 | _a8175811099 | ||
| 082 |
_a822.33 _bPAU |
||
| 100 | _aPaul, Rajinder | ||
| 245 | 0 |
_aMacbeth / _cRajinder Paul |
|
| 250 | _a16th ed. | ||
| 260 |
_aNew Delhi : _bRama Brothers India Pvt. Ltd., _c2006. |
||
| 300 | _a355 p.; pbk | ||
| 942 | _cTB | ||
| 999 |
_c53904 _d53904 |
||